000 00461nam a22001697a 4500
003 CEME
005 20210628203115.0
008 210120b xxu||||| |||| 00| 0 eng d
040 _c.
082 _a891.4393 HER
100 _aHerald Leam, Abbasi, Muhammad Yousaf
_963342
245 _aSultan salah ud din ayubee
260 _aLAHORE
_bFICTION HOUSE
_c2004
300 _a544P
650 _aURDU ADAB-NOVEL-SULTAN SALAH UD DIN AYUBEE
_963343
942 _cBK
_2ddc
999 _c572200
_d572200